000 00512nam a2200181Ia 4500
005 20250508152948.0
008 008 250505s9999 xx 000 0 hin d
037 _aTextual
040 _aFEDL
_beng
_cFEDL
041 _ahin
_2eng
084 _a372.5, GER
_qFEDL
100 _aGerg Suresh Chandra
_9762849
245 0 _aBhartiya bal - chtrankan
260 _aVaranasi, India
_bSarvodya - Sahitya - Prakashan
_c1958
300 _a174p
942 _cTEXL
_h372.5, GER
999 _c1339853
_d1339853